Fiori di Campo I (Record n. 29279)
[ formato base ]
| 000 -LEADER | |
|---|---|
| fixed length control field | 00589nam a2200205Ia 4500 |
| 003 - CONTROL NUMBER IDENTIFIER | |
| control field | IT-RoPAU |
| 005 - DATE AND TIME OF LATEST TRANSACTION | |
| control field | 20220918175754.0 |
| 008 - FIXED-LENGTH DATA ELEMENTS--GENERAL INFORMATION | |
| fixed length control field | 120407s9999 xx 000 0 und d |
| 040 ## - CATALOGING SOURCE | |
| Original cataloging agency | IT-RoPAU |
| Transcribing agency | 20130626094644.0 |
| 040 ## - CATALOGING SOURCE | |
| Transcribing agency | IT-RoPAU |
| 041 ## - LANGUAGE CODE | |
| Language code of text/sound track or separate title | ita |
| 100 ## - MAIN ENTRY--PERSONAL NAME | |
| Personal name | Delpogetto, Fortunato |
| 9 (RLIN) | 738 |
| 245 ## - TITLE STATEMENT | |
| Title | Fiori di Campo I |
| 260 ## - PUBLICATION, DISTRIBUTION, ETC. (IMPRINT) | |
| Place of publication, distribution, etc. | Albano Laziale |
| Name of publisher, distributor, etc. | Edizioni" "S. Paolo" |
| Date of publication, distribution, etc. | 1991 |
| 300 ## - PHYSICAL DESCRIPTION | |
| Extent | 224 p. |
| Dimensions | 17 cm |
| 490 ## - SERIES STATEMENT | |
| Volume/sequential designation | I° Vol. |
| Series statement | Edizioni "S. Paolo" |
| 520 ## - SUMMARY, ETC. | |
| Summary, etc. | Indice<br/><br/>Presentazione<br/>Prefazione<br/>Giudizi e Valutazioni<br/>(Varie poesie)<br/> |
| 942 ## - ADDED ENTRY ELEMENTS (KOHA) | |
| Koha item type | LIBRO |
| Source of classification or shelving scheme | Dewey Decimal Classification |
| Withdrawn status | Lost status | Source of classification or shelving scheme | Damaged status | Not for loan | Home library | Current library | Date acquired | Total Checkouts | Full call number | Date last seen | Price effective from | Koha item type | Public note |
|---|---|---|---|---|---|---|---|---|---|---|---|---|---|
| Dewey Decimal Classification | Buone Condizioni | Not For Loan | PAULUS-BIBLIOTECA | PAULUS-BIBLIOTECA | 11/04/2012 | 850.1 | 11/04/2012 | 11/04/2012 | LIBRO | Inserito da: Mario In data: 06 agosto 2011 fondo: Via A.Severo 56 Progr:8828 | |||
| Dewey Decimal Classification | Buone Condizioni | Not For Loan | PAULUS-BIBLIOTECA | PAULUS-BIBLIOTECA | 26/06/2013 | P E1 | 26/06/2013 | 26/06/2013 | LIBRO |